[Event "ICS rated blitz match"]
[Site "204.178.125.65"]
[Date "2000.03.16"]
[Round "?"]
[White "MissSilicon"]
[Black "Hossa"]
[Result "1-0"]
[WhiteElo "2689"]
[BlackElo "2534"]
[PlyCount "121"]

1. e4 e5 2. Bc4 Nf6 3. d3 Bc5 4. Nf3 Nc6 5. Nc3 d6 6. Na4 Bb6 7. Nxb6 axb6 8.
a3 Bg4 9. O-O Bxf3 10. Qxf3 Nd4 11. Qd1 b5 12. Ba2 Nc6 13. c3 O-O 14. f4 Qb8
15. fxe5 Qa7+ 16. Kh1 Nxe5 17. Qe2 Ned7 18. Be3 Qa6 19. Rf2 Rfe8 20. Raf1 b4
21. cxb4 Ne5 22. d4 Qxe2 23. Rxe2 Neg4 24. Bc1 d5 25. e5 c6 26. h3 Nxe5 27.
Rxe5 Rxe5 28. dxe5 Ne4 29. Bf4 g5 30. Bh2 Rd8 31. g4 Kg7 32. Kg2 h6 33. Rd1 Kf8
34. Bb1 Ke7 35. Bxe4 dxe4 36. Rxd8 Kxd8 37. Kf2 Kd7 38. Ke3 Ke6 39. Kxe4 f6 40.
b3 fxe5 41. Bxe5 Kf7 42. Kf5 b6 43. a4 Ke7 44. Bd4 c5 45. bxc5 bxc5 46. Bxc5+
Kd7 47. a5 Kc6 48. a6 Kc7 49. b4 Kc6 50. Kg6 Kc7 51. b5 h5 52. b6+ Kc6 53. Bg1
hxg4 54. hxg4 Kd5 55. a7 Kc4 56. a8=Q Kb4 57. Qe4+ Kb3 58. b7 Kc3 59. b8=Q Kd2
60. Qbb4+ Kc1 61. Qeb1# 1-0

[Event "ICS rated blitz match"]
[Site "204.178.125.65"]
[Date "2000.03.16"]
[Round "?"]
[White "Amateur"]
[Black "Hossa"]
[Result "0-1"]
[WhiteElo "2494"]
[BlackElo "2525"]
[PlyCount "158"]

1. e4 c5 2. Nf3 e6 3. d4 cxd4 4. Nxd4 Nf6 5. Nc3 d6 6. g4 h6 7. Rg1 Nc6 8. Nxc6
bxc6 9. Be3 Be7 10. Qf3 e5 11. O-O-O g6 12. Bc4 h5 13. gxh5 Rxh5 14. Qg3 Bg4
15. Rd3 Rh3 16. Qg2 a6 17. Bg5 Rxd3 18. Bxd3 Be6 19. Qf3 d5 20. a3 d4 21. Na4
Nd7 22. Bd2 c5 23. Qe2 Qc8 24. Bc4 Qc6 25. Bxe6 Qxe6 26. Bg5 Bxg5+ 27. Rxg5 c4
28. Qf3 Qc6 29. Qg3 Qxe4 30. Kd2 O-O-O 31. Qg2 c3+ 32. Kd1 Qxg2 33. Rxg2 Nc5
34. Nb6+ Kc7 35. Nc4 Na4 36. bxc3 Nxc3+ 37. Ke1 Rd5 38. f3 Rc5 39. Nb2 Rb5 40.
Nd3 Kd6 41. Rg1 Nb1 42. a4 Ra5 43. Rg5 Nc3 44. f4 Rxa4 45. Rxe5 Ra2 46. Kd2 Ra1
47. Nb2 f6 48. Re8 Kd7 49. Re1 Rxe1 50. Kxe1 Kc6 51. Kd2 Kd5 52. Kd3 Kc5 53.
Kd2 a5 54. Nd1 Nxd1 55. Kxd1 Kd5 56. Kd2 Ke4 57. f5 gxf5 58. h4 f4 59. h5 Kf5
60. h6 Kg6 61. h7 Kxh7 62. Ke2 a4 63. Kd3 f3 64. Kd2 f2 65. Ke2 d3+ 66. cxd3
f1=Q+ 67. Kxf1 f5 68. Ke2 a3 69. Kf3 a2 70. Kf4 Kg6 71. Ke3 Kf6 72. Kd2 f4 73.
Ke2 Ke5 74. d4+ Ke4 75. Kd1 a1=Q+ 76. Kc2 Kxd4 77. Kb3 Qb1+ 78. Ka4 Kc4 79. Ka3
Qa1# 0-1

[Event "ICS rated blitz match"]
[Site "204.178.125.65"]
[Date "2000.03.16"]
[Round "?"]
[White "Hossa"]
[Black "Zippy"]
[Result "1/2-1/2"]
[WhiteElo "2540"]
[BlackElo "2182"]
[PlyCount "137"]

1. Nf3 Nf6 2. d4 g6 3. c4 Bg7 4. Nc3 O-O 5. e4 d6 6. Bg5 Nc6 7. d5 Nb8 8. Be2
Na6 9. O-O Nc5 10. Qc2 Nfd7 11. Rfd1 a5 12. Re1 b6 13. Bd1 Ba6 14. Nb5 f6 15.
Bh4 e5 16. dxe6 Nxe6 17. Nfd4 Ndc5 18. Nxe6 Nxe6 19. Bg4 Bc8 20. Qd2 Re8 21.
Qd5 Bd7 22. Nd4 Qc8 23. Ne2 a4 24. Nf4 Ra5 25. Bxe6+ Bxe6 26. Qd3 g5 27. Nxe6
Qxe6 28. Bg3 f5 29. f3 f4 30. Bf2 Bxb2 31. Rad1 Bf6 32. Qc2 g4 33. Rd5 gxf3 34.
Rxa5 bxa5 35. gxf3 Qh3 36. Qd3 Kf8 37. Kh1 Rb8 38. Kg1 Ke7 39. e5 Rg8+ 40. Bg3
Bxe5 41. Qd5 fxg3 42. Rxe5+ dxe5 43. Qxe5+ Kf8 44. Qf6+ Ke8 45. Qe5+ Kf7 46.
Qxc7+ Kf6 47. Qf4+ Qf5 48. Qd6+ Kg7 49. Qc7+ Kh6 50. hxg3 Qxf3 51. Qd6+ Rg6 52.
Qd2+ Rg5 53. Qh2+ Kg6 54. Qc2+ Rf5 55. Kh2 Qf2+ 56. Qxf2 Rxf2+ 57. Kh3 Rxa2 58.
Kg4 a3 59. Kf3 Rc2 60. Ke4 Rxc4+ 61. Kd3 Rb4 62. Ke3 a2 63. Ke2 a1=Q 64. Kf3
Qd1+ 65. Ke3 Qg1+ 66. Kf3 Qf1+ 67. Ke3 Rg4 68. Kd2 Rxg3 69. Kc2 1/2-1/2

[Event "ICS rated standard match"]
[Site "204.178.125.65"]
[Date "2000.03.16"]
[Round "?"]
[White "Hossa"]
[Black "BountyHunter"]
[Result "0-1"]
[WhiteElo "2292"]
[BlackElo "2706"]
[PlyCount "78"]

1. d4 d5 2. c4 c6 3. Nf3 Nf6 4. Nc3 dxc4 5. a4 Bf5 6. e3 e6 7. Bxc4 Bb4 8. O-O
Nbd7 9. Nh4 Bg6 10. Qb3 a5 11. Na2 Be7 12. g3 Qc7 13. Nc3 Bb4 14. Nxg6 hxg6 15.
Qc2 Nb6 16. Bd3 e5 17. f3 Qd6 18. Qf2 Qe6 19. Bd2 Rd8 20. Rfd1 O-O 21. dxe5
Rxd3 22. exf6 Rfd8 23. Qe2 Nc4 24. Bc1 Rxd1+ 25. Nxd1 Qxf6 26. Nf2 Nd2 27. Kg2
g5 28. Ng4 Qe7 29. Qd1 f5 30. Nf2 Qxe3 31. g4 Bc5 32. Nh3 fxg4 33. Nxg5 Qf2+
34. Kh1 g3 35. hxg3 Rd6 36. Nh3 Rh6 37. Qb3+ Kf8 38. Qf7+ Kxf7 39. Bxd2 Rxh3#
0-1

[Event "ICS rated blitz match"]
[Site "204.178.125.65"]
[Date "2000.03.16"]
[Round "?"]
[White "Hossa"]
[Black "apatrid"]
[Result "0-1"]
[WhiteElo "2528"]
[BlackElo "2287"]
[PlyCount "134"]

1. c4 Nf6 2. Nc3 e6 3. Nf3 Bb4 4. Qc2 O-O 5. a3 Bxc3 6. Qxc3 b6 7. g3 Bb7 8.
Bg2 c5 9. b4 d6 10. bxc5 bxc5 11. Rb1 Bc6 12. O-O Nbd7 13. d3 Qe7 14. Bg5 h6
15. Bf4 e5 16. Bd2 Bxf3 17. Bxf3 Rab8 18. Qc2 Rxb1 19. Rxb1 Rb8 20. Rxb8+ Nxb8
21. Qb3 Qc7 22. Ba5 Qxa5 23. Qxb8+ Kh7 24. Qxd6 Qxa3 25. Qxe5 a5 26. Kg2 a4 27.
Be4+ Nxe4 28. Qxe4+ g6 29. Qe7 Kg7 30. Qe5+ Kh7 31. h4 h5 32. Kf3 Qb4 33. Qe7
Kg7 34. Qc7 a3 35. Qe5+ Kh7 36. Qf6 Kg8 37. Qc6 Kg7 38. Qc7 a2 39. Qe5+ Kh7 40.
Ke3 Qb1 41. Qxc5 a1=Q 42. Qe7 Kg7 43. Qc7 Qbb2 44. Qd6 Qe5+ 45. Qxe5+ Qxe5+ 46.
Kd2 g5 47. hxg5 Qxg5+ 48. e3 h4 49. gxh4 Qxh4 50. Ke2 Kf6 51. d4 Ke6 52. f3 Qg3
53. d5+ Kd6 54. Kd3 Qxf3 55. Kd4 Qd1+ 56. Kc3 Kc5 57. Kb2 Kxc4 58. d6 Qxd6 59.
Kc1 Qa3+ 60. Kd2 Qd3+ 61. Ke1 Qxe3+ 62. Kf1 Qd2 63. Kg1 Qe2 64. Kh1 Kd4 65. Kg1
Ke3 66. Kh1 Kf3 67. Kg1 Qg2# 0-1

[Event "ICS rated blitz match"]
[Site "204.178.125.65"]
[Date "2000.03.16"]
[Round "?"]
[White "MissSilicon"]
[Black "Hossa"]
[Result "1/2-1/2"]
[WhiteElo "2687"]
[BlackElo "2502"]
[PlyCount "187"]

1. e4 e5 2. Nf3 Nc6 3. Bb5 a6 4. Ba4 Nf6 5. O-O Be7 6. Re1 b5 7. Bb3 d6 8. c3
O-O 9. h3 Na5 10. Bc2 c5 11. d4 Nd7 12. a4 cxd4 13. cxd4 b4 14. Bd3 exd4 15.
Nxd4 Bf6 16. Bc2 Nc5 17. Ne2 b3 18. Bd3 Be5 19. f4 Qb6 20. Kh1 Bf6 21. Nbc3 Be6
22. f5 Nxd3 23. Qxd3 Bc4 24. Qf3 Nc6 25. Nd5 Bxd5 26. exd5 Ne5 27. Qe4 Rfe8 28.
Nf4 Bh4 29. Re2 Rac8 30. Bd2 Rc2 31. Bc3 Bg5 32. Rf1 Rxe2 33. Nxe2 a5 34. Re1
Qf2 35. Bxa5 Rc8 36. Bc3 Rc4 37. Nd4 Bh4 38. Ra1 Bg3 39. a5 f6 40. a6 Ra4 41.
Qb1 Nd3 42. a7 Rxa7 43. Rxa7 Qe3 44. Ra8+ Kf7 45. Be1 Bxe1 46. Ra7+ Kg8 47.
Ra8+ Kf7 48. Nf3 Bg3 49. h4 Nf2+ 50. Kg1 Ng4+ 51. Kh1 Qc5 52. Qf1 Nf2+ 53. Kg1
Ne4+ 54. Kh1 Qxd5 55. Ra7+ Kf8 56. Qa1 Qxf5 57. Rb7 Qc8 58. Rxb3 Bf2 59. Rb5 g6
60. b4 Kg7 61. Ng5 Nc3 62. Rc5 Bxc5 63. Qxc3 Qa6 64. bxc5 dxc5 65. Nf3 Qf1+ 66.
Kh2 Qb5 67. Qe3 Qb8+ 68. g3 Qb2+ 69. Kg1 Qb7 70. Nd2 Qd7 71. Kf2 h6 72. Ke2
Qg4+ 73. Kd3 Kf7 74. Kc2 Qf5+ 75. Kc3 g5 76. hxg5 fxg5 77. Kc4 Qd7 78. Qd3
Qxd3+ 79. Kxd3 Kf6 80. Ke4 h5 81. Nf1 Ke6 82. Nd2 Kf6 83. Nc4 h4 84. g4 Ke6 85.
Ne3 h3 86. Nf5 h2 87. Ng3 c4 88. Nh1 c3 89. Kd3 Ke5 90. Kxc3 Kf4 91. Kd2 Kf3
92. Ke1 Kg2 93. Ke2 Kxh1 94. Kf1 1/2-1/2

[Event "ICS rated blitz match"]
[Site "204.178.125.65"]
[Date "2000.03.16"]
[Round "?"]
[White "Hossa"]
[Black "MissSilicon"]
[Result "1-0"]
[WhiteElo "2510"]
[BlackElo "2679"]
[PlyCount "185"]

1. Nf3 d5 2. c4 c6 3. g3 dxc4 4. Bg2 e6 5. Ne5 Qd4 6. Nf3 Qd6 7. Na3 b5 8. b3
cxb3 9. axb3 Nf6 10. d4 Qc7 11. Bf4 Bb4+ 12. Nd2 Qb6 13. e3 Nd5 14. O-O O-O 15.
Ne4 Nxf4 16. gxf4 f5 17. Nc2 Be7 18. Ng5 h6 19. Nf3 Nd7 20. Nce1 a5 21. Nd3 Rd8
22. Nfe5 Nxe5 23. Nxe5 Bd7 24. Qc2 Rac8 25. Rfc1 Be8 26. Qa2 c5 27. Qa3 Kf8 28.
Qxa5 Qxa5 29. Rxa5 cxd4 30. Rxc8 Rxc8 31. exd4 Rc1+ 32. Bf1 Bd6 33. Ra8 Ke7 34.
Ra7+ Rc7 35. Ra1 Bb4 36. Ra8 Bc3 37. Rb8 Bxd4 38. Bxb5 Bxb5 39. Rxb5 Kf6 40. h4
g6 41. Nc4 Ra7 42. Na5 Bc3 43. Nc4 Ra2 44. Rb7 Bd4 45. Ne3 Bxe3 46. fxe3 Re2
47. Rh7 h5 48. Rb7 Rxe3 49. Kg2 Re2+ 50. Kf3 Rh2 51. Kg3 Rh1 52. Rb8 Rg1+ 53.
Kh3 Ke7 54. Ra8 Rd1 55. Rb8 Rd4 56. Kg3 Rd3+ 57. Kg2 Rd2+ 58. Kf3 Rd1 59. Kg2
Kd7 60. Rb7+ Kd6 61. Rb5 Rd2+ 62. Kf3 Rd3+ 63. Kg2 Kc7 64. Re5 Kd7 65. Rb5 Rd4
66. Kf3 Kc6 67. Re5 Kd6 68. Rb5 Rd1 69. Kg2 Re1 70. Ra5 Re4 71. Kf3 Rb4 72.
Ra6+ Kd5 73. Ra5+ Kd4 74. Ra4 Kc5 75. Rxb4 Kxb4 76. Ke2 Kc5 77. Ke3 Kd5 78. Kd3
e5 79. fxe5 Kxe5 80. Ke3 Kd6 81. Kd4 Kc6 82. Kc4 Kb6 83. Kb4 f4 84. Kc4 f3 85.
Kd3 f2 86. Ke2 f1=B+ 87. Kxf1 Kc5 88. Ke2 Kd4 89. Kf3 Ke5 90. b4 Kf5 91. b5 Ke5
92. b6 Kd6 93. Kf4 1-0

[Event "ICS rated blitz match"]
[Site "204.178.125.65"]
[Date "2000.03.16"]
[Round "?"]
[White "Mercury"]
[Black "Hossa"]
[Result "1-0"]
[WhiteElo "2598"]
[BlackElo "2551"]
[PlyCount "135"]

1. d4 d5 2. Nf3 Nf6 3. Bg5 e6 4. Nbd2 Be7 5. e3 Nbd7 6. Bd3 O-O 7. O-O c5 8. c3
Kh8 9. b3 cxd4 10. exd4 Bd6 11. Rc1 Ba3 12. Rc2 Be7 13. Bf4 Ba3 14. Re1 Kg8 15.
Nb1 Be7 16. a4 Nh5 17. Be3 Nhf6 18. Ne5 Nxe5 19. dxe5 Nd7 20. Bd4 Nc5 21. Rc1
Nxd3 22. Qxd3 Bd7 23. Nd2 Re8 24. Rcd1 Qc7 25. f4 Rac8 26. Kh1 Bc5 27. Bxc5
Qxc5 28. Ne4 dxe4 29. Qxd7 Qb6 30. Qd4 Qxb3 31. Rb1 Qxc3 32. Qxa7 Qd2 33. Qxb7
Rc4 34. Qb5 Rec8 35. Red1 Qc2 36. a5 Qe2 37. a6 h6 38. a7 Rf8 39. Qa6 Rc2 40.
Qxe2 Rxe2 41. Rb8 Ra2 42. Rxf8+ Kxf8 43. Rd8+ Ke7 44. a8=Q Rxa8 45. Rxa8 f5 46.
Ra7+ Kf8 47. Kg1 g5 48. Rh7 gxf4 49. Rxh6 Ke7 50. Rh7+ Ke8 51. Kf2 Kd8 52. h4
Ke8 53. h5 Kf8 54. h6 Kg8 55. Re7 Kh8 56. h7 f3 57. g3 f4 58. g4 e3+ 59. Kxf3
e2 60. Kxe2 f3+ 61. Kf1 f2 62. Rxe6 Kg7 63. Rf6 Kh8 64. Rh6 Kg7 65. h8=Q+ Kf7
66. Rf6+ Ke7 67. Qg7+ Ke8 68. Rf8# 1-0

[Event "ICS rated blitz match"]
[Site "204.178.125.65"]
[Date "2000.03.16"]
[Round "?"]
[White "Hossa"]
[Black "Mercury"]
[Result "1-0"]
[WhiteElo "2537"]
[BlackElo "2612"]
[PlyCount "161"]

1. d4 e6 2. c4 Bb4+ 3. Bd2 a5 4. Nf3 Nf6 5. Bxb4 axb4 6. Nbd2 d5 7. e3 b6 8.
Bd3 O-O 9. cxd5 exd5 10. O-O c5 11. Ne5 c4 12. Be2 Bf5 13. Qc1 Qc8 14. Bf3 Ra5
15. Bd1 c3 16. Nb3 Ra7 17. Be2 Rc7 18. Bd3 Bxd3 19. Nxd3 Na6 20. Qc2 Qf5 21.
Rfd1 Rfc8 22. Rac1 g6 23. f3 Re8 24. Qe2 Nd7 25. Re1 b5 26. Nf4 cxb2 27. Qxb2
Rc4 28. Nd2 Rxc1 29. Qxc1 g5 30. g4 Qf6 31. Nh5 Qe6 32. Nb3 f5 33. e4 f4 34. e5
Rf8 35. Na5 Nab8 36. Qc7 Na6 37. Qc6 Qxc6 38. Nxc6 Nc7 39. e6 Nb6 40. e7 Rc8
41. Re5 h6 42. e8=Q+ Rxe8 43. Nf6+ Kf8 44. Nxe8 Nxe8 45. Re6 Nc7 46. Rxh6 Kg7
47. Rd6 Ne8 48. Re6 Nf6 49. Re7+ Kh8 50. Nxb4 Nfd7 51. Rf7 Kg8 52. Rf5 Kh7 53.
Rxg5 Nf6 54. Nd3 Kh6 55. h4 Nh7 56. Re5 Na4 57. Nxf4 Nc3 58. a3 Kg7 59. Nxd5
Nb1 60. Re3 Kg6 61. Nc7 Nd2 62. Nxb5 Nf6 63. Nd6 Nd5 64. Rd3 Nb1 65. h5+ Kg7
66. Rb3 Nbc3 67. Rb7+ Kf6 68. Ne4+ Nxe4 69. fxe4 Nc3 70. h6 Ne2+ 71. Kf2 Nf4
72. h7 Ng6 73. e5+ Kg5 74. Rb6 Nh8 75. Kg3 Nf7 76. e6 Nh6 77. h8=Q Nf5+ 78.
gxf5 Kxf5 79. Qh7+ Kg5 80. Rb5+ Kf6 81. Qf7# 1-0

[Event "ICS Rated blitz match"]
[Site "204.178.125.65"]
[Date "2000.03.16"]
[Round "?"]
[White "Mercury"]
[Black "Hossa"]
[Result "1/2-1/2"]
[WhiteElo "2593"]
[BlackElo "2556"]
[PlyCount "169"]

1. d4 Nf6 2. c4 e6 3. g3 d5 4. Nf3 Be7 5. Nc3 O-O 6. Bg2 dxc4 7. O-O Nc6 8. e3
Bb4 9. Qe2 Na5 10. Ne5 c5 11. dxc5 Qc7 12. Nxc4 Qxc5 13. Nxa5 Bxa5 14. Bd2 e5
15. Rac1 Qb6 16. Na4 Qd8 17. b4 Bc7 18. Nc5 Rb8 19. Rfd1 Bg4 20. f3 Bh5 21. Be1
Bd6 22. Qd2 Be7 23. Qxd8 Rfxd8 24. Rxd8+ Bxd8 25. Bc3 Bc7 26. f4 Ng4 27. Bxb7
Nxe3 28. fxe5 Bb6 29. Bd2 Nf5 30. Be4 Nd4 31. Kg2 Bxc5 32. Rxc5 Be2 33. Kf2 Bg4
34. Ra5 Re8 35. Rxa7 f6 36. Bd5+ Be6 37. Bxe6+ Rxe6 38. exf6 Re2+ 39. Kf1 Rxd2
40. Rxg7+ Kf8 41. Rxh7 Nf3 42. a4 Nxh2+ 43. Kg1 Ng4 44. Ra7 Nxf6 45. b5 Ne4 46.
b6 Ng5 47. Kh1 Nf3 48. Rh7 Kg8 49. Rh5 Re2 50. a5 Rb2 51. g4 Kg7 52. Rh3 Ne5
53. Rc3 Kg6 54. Rc8 Nf3 55. Rh8 Kg5 56. a6 Rb1+ 57. Kg2 Nh4+ 58. Rxh4 Rxb6 59.
a7 Ra6 60. Rh7 Kxg4 61. Kf2 Kf4 62. Re7 Ra2+ 63. Kf1 Kf5 64. Ke1 Ra1+ 65. Kd2
Kf6 66. Rh7 Ke6 67. Kc3 Kd6 68. Kb2 Ra4 69. Kb3 Ra1 70. Kc3 Kc6 71. Rg7 Kb6 72.
a8=Q Rxa8 73. Kd4 Rb8 74. Ke5 Rc8 75. Rh7 Rd8 76. Kf5 Re8 77. Rg7 Rf8+ 78. Kg5
Rh8 79. Rf7 Rh3 80. Kf6 Rh2 81. Rg7 Rh1 82. Rg8 Rf1+ 83. Kg6 Rg1+ 84. Kf7 Rxg8
85. Kxg8 1/2-1/2

[Event "ICS rated blitz match"]
[Site "204.178.125.65"]
[Date "2000.03.16"]
[Round "?"]
[White "Hossa"]
[Black "Amateur"]
[Result "1-0"]
[WhiteElo "2558"]
[BlackElo "2467"]
[PlyCount "143"]

1. d4 Nf6 2. c4 e6 3. Nc3 Bb4 4. e3 b6 5. Bd3 Bb7 6. Nf3 O-O 7. O-O Bxc3 8.
bxc3 c5 9. Re1 Na6 10. e4 cxd4 11. e5 dxc3 12. exf6 Qxf6 13. Ne5 Nc5 14. Ba3 d6
15. Bxc5 Qg5 16. g3 bxc5 17. Qb1 Qe7 18. Ng4 g6 19. Be4 Bxe4 20. Qxe4 f5 21.
Nh6+ Kg7 22. Nxf5+ gxf5 23. Qxe6 Qxe6 24. Rxe6 Rab8 25. Rc1 Rf6 26. Re7+ Rf7
27. Rxf7+ Kxf7 28. Rxc3 a5 29. Kg2 Rb2 30. Rf3 Rxa2 31. Rxf5+ Kg7 32. Rg5+ Kh8
33. Rd5 Ra4 34. Rxd6 Rxc4 35. Ra6 a4 36. f4 Rb4 37. Kf3 Rb3+ 38. Kg4 a3 39. Kg5
Kg7 40. Ra4 Rd3 41. g4 Rh3 42. Ra7+ Kg8 43. f5 c4 44. Kf6 Rh6+ 45. Ke7 Kg7 46.
Rxa3 Rc6 47. Rc3 Rc7+ 48. Kd6 Rc8 49. Ke5 Kf7 50. h4 Rc7 51. g5 Rc5+ 52. Ke4
Rc8 53. Kd4 Rd8+ 54. Kc5 Rc8+ 55. Kb4 Rb8+ 56. Kxc4 Rc8+ 57. Kd3 Rxc3+ 58. Kxc3
Kg7 59. h5 Kg8 60. g6 Kg7 61. gxh7 Kxh7 62. f6 Kh6 63. Kd4 Kh7 64. Ke5 Kh6 65.
Ke6 Kg5 66. f7 Kxh5 67. f8=Q Kg4 68. Qf2 Kh3 69. Qe2 Kh4 70. Qg2 Kh5 71. Kf5
Kh4 72. Qh2# 1-0

[Event "ICS Rated blitz match"]
[Site "204.178.125.65"]
[Date "2000.03.16"]
[Round "?"]
[White "Tinker"]
[Black "Hossa"]
[Result "1/2-1/2"]
[WhiteElo "2425"]
[BlackElo "2570"]
[PlyCount "124"]

1. e4 e5 2. Nf3 Nc6 3. Bb5 a6 4. Bxc6 dxc6 5. d4 exd4 6. Qxd4 Qxd4 7. Nxd4 Bd7
8. Bg5 h6 9. Bf4 O-O-O 10. O-O Nf6 11. Nd2 Bg4 12. Be3 Bc5 13. c3 Kb8 14. f3
Be6 15. Bf2 Ba7 16. Nxe6 Bxf2+ 17. Rxf2 fxe6 18. Nc4 Rhf8 19. Rd2 Rxd2 20. Nxd2
Rd8 21. Nc4 h5 22. Ne5 Rd2 23. Rb1 Nd7 24. Nxd7+ Rxd7 25. f4 Rd2 26. Kf1 a5 27.
h4 a4 28. Kg1 a3 29. bxa3 Rc2 30. Rb3 c5 31. Kh2 g6 32. a4 Rxa2 33. Kg3 Rxa4
34. Kf3 c6 35. Ke3 b5 36. Rb2 Kc7 37. Kd3 Kd6 38. Rd2 c4+ 39. Ke3+ Kc5 40. f5
gxf5 41. exf5 Ra3 42. fxe6 Ra8 43. Kf4 b4 44. cxb4+ Kxb4 45. Re2 c3 46. e7 Re8
47. Kf5 Kb3 48. Ke6 c2 49. Re1 Kc3 50. Kf7 Rxe7+ 51. Kxe7 Kd2 52. Ra1 c1=Q 53.
Rxc1 Kxc1 54. Kd6 Kd2 55. Kxc6 Ke3 56. Kd5 Kf2 57. Ke5 Kg3 58. Ke6 Kxh4 59. Kf6
Kg3 60. Kg6 h4 61. Kh5 h3 62. gxh3 Kxh3 1/2-1/2

[Event "ICS rated blitz match"]
[Site "204.178.125.65"]
[Date "2000.03.16"]
[Round "?"]
[White "Hossa"]
[Black "Tinker"]
[Result "1-0"]
[WhiteElo "2564"]
[BlackElo "2431"]
[PlyCount "49"]

1. e4 e5 2. Nf3 Nf6 3. Nxe5 d6 4. Nxf7 Kxf7 5. d4 c6 6. Bd3 Qb6 7. c3 Ke8 8.
O-O Be6 9. Nd2 Qc7 10. e5 dxe5 11. dxe5 Ng4 12. Re1 Bc5 13. Ne4 Qxe5 14. Nxc5
Qxh2+ 15. Kf1 Qh1+ 16. Ke2 Qxg2 17. Kd2 Qxf2+ 18. Re2 Qxc5 19. Rxe6+ Kf7 20.
Qxg4 Rd8 21. Re3 Qd5 22. Kc2 Kf8 23. Bc4 Qd6 24. Qf5+ Qf6 25. Qxh7 1-0

[Event "ICS rated standard match"]
[Site "204.178.125.65"]
[Date "2000.03.16"]
[Round "?"]
[White "Tinker"]
[Black "Hossa"]
[Result "0-1"]
[WhiteElo "2365"]
[BlackElo "2289"]
[PlyCount "146"]

1. e4 c5 2. Nf3 e6 3. Nc3 d6 4. d4 cxd4 5. Nxd4 Nf6 6. Bg5 Be7 7. Bb5+ Nbd7 8.
f4 h6 9. Bh4 Nxe4 10. Bxe7 Nxc3 11. Bxd8 Nxd1 12. Bc7 Nxb2 13. Rb1 a6 14. Rxb2
axb5 15. Nxb5 d5 16. Bd6 Kd8 17. Bb4 g5 18. fxg5 hxg5 19. Nd6 Rh7 20. O-O f6
21. Rd1 Ra4 22. Rd3 Ne5 23. Rc3 Nc6 24. Bc5 Rah4 25. h3 g4 26. Rg3 f5 27. Bf2
Kd7 28. Nxc8 Kxc8 29. Ra3 R4h5 30. h4 e5 31. Rb5 d4 32. Ra8+ Kc7 33. Rg8 Re7
34. Rg6 Rf7 35. a4 Rh8 36. a5 Rb8 37. Be1 Ra8 38. Bd2 Rh7 39. Be1 Rd8 40. Rg5
Rf7 41. Rg6 e4 42. h5 e3 43. h6 Rdf8 44. Kf1 Rd7 45. Rc5 Rh7 46. Bg3+ f4 47.
Be1 f3 48. gxf3 gxf3 49. Bg3+ Kd7 50. Rg7+ Rxg7 51. hxg7 Rg8 52. Rb5 Ke6 53.
Rxb7 Nxa5 54. Rc7 f2 55. Bf4 Rb8 56. Ke2 Rd8 57. Rc5 Nb3 58. Rc6+ Kf7 59. Be5
Nd2 60. Rf6+ Kg8 61. Rf5 f1=Q+ 62. Rxf1 Nxf1 63. Kxf1 Rd5 64. Bc7 Kxg7 65. Bb6
Kf6 66. Ke2 Kf5 67. Kf3 Re5 68. Bxd4 e2 69. Bc3 e1=Q 70. Bxe1 Rxe1 71. c4 Re5
72. Kg3 Ke4 73. c5 Rxc5 0-1

[Event "ICS rated standard match"]
[Site "204.178.125.65"]
[Date "2000.03.16"]
[Round "?"]
[White "Hossa"]
[Black "Tinker"]
[Result "1-0"]
[WhiteElo "2308"]
[BlackElo "2346"]
[PlyCount "45"]

1. d4 d5 2. c4 dxc4 3. e4 b5 4. a4 Bb7 5. axb5 Bxe4 6. Nc3 Bb7 7. Nf3 Nd7 8.
Bxc4 e6 9. O-O Ne7 10. Re1 Bxf3 11. Qxf3 Nb6 12. Bf1 Qxd4 13. Rd1 Qc5 14. Qb7
Qb4 15. Be3 Rc8 16. Bxb6 axb6 17. Ra8 f6 18. Rxc8+ Nxc8 19. Qxc8+ Kf7 20. Rd7+
Kg6 21. Qe8+ Kh6 22. Qxe6 Qh4 23. g3 1-0

[Event "ICS rated blitz match"]
[Site "204.178.125.65"]
[Date "2000.03.16"]
[Round "?"]
[White "Amateur"]
[Black "Hossa"]
[Result "1/2-1/2"]
[WhiteElo "2471"]
[BlackElo "2574"]
[PlyCount "125"]

1. c4 e5 2. Nc3 Nf6 3. Nf3 Nc6 4. d4 exd4 5. Nxd4 Bb4 6. Bg5 h6 7. Nxc6 bxc6 8.
Bh4 Bxc3+ 9. bxc3 c5 10. Rb1 d6 11. e3 g5 12. Bg3 h5 13. h4 Ne4 14. Qd5 Nxg3
15. fxg3 Bg4 16. Be2 Bxe2 17. Kxe2 gxh4 18. Rxh4 Rc8 19. Rf1 Qd7 20. Kd3 c6 21.
Qg5 Kf8 22. Rhf4 Re8 23. Rxf7+ Qxf7 24. Rf4 Qxf4 25. exf4 Kf7 26. g4 hxg4 27.
Qxg4 Re6 28. f5 Reh6 29. Qg3 R8h7 30. a4 a5 31. Ke3 Rh8 32. Kd3 R8h7 33. Qf3
Kf6 34. Qf4 Ke7 35. g4 Rh2 36. Ke4 Re2+ 37. Kd3 Reh2 38. Qg5+ Kd7 39. Qg8 R7h3+
40. Ke4 Re2+ 41. Kf4 Rhe3 42. Kg5 Re8 43. Qg7+ R2e7 44. Qg6 Re5 45. Qh6 Re4 46.
Qg6 R4e5 47. Kh4 Re3 48. f6 Rh8+ 49. Kg5 Re5+ 50. Kf4 Rh1 51. Qg7+ Kc8 52. Kg3
Re3+ 53. Kf2 Rhe1 54. f7 R1e2+ 55. Kg1 Re1+ 56. Kg2 R1e2+ 57. Kf1 Re1+ 58. Kg2
R1e2+ 59. Kh1 Re1+ 60. Kh2 R1e2+ 61. Kg1 Re1+ 62. Kh2 R1e2+ 63. Kg1 1/2-1/2

[Event "ICS unrated standard match"]
[Site "204.178.125.65"]
[Date "2000.03.16"]
[Round "?"]
[White "scrappy"]
[Black "Hossa"]
[Result "1-0"]
[WhiteElo "2586"]
[BlackElo "2326"]
[PlyCount "79"]

1. e4 c5 2. Nf3 Nc6 3. d4 cxd4 4. Nxd4 Nf6 5. Nc3 e6 6. Ndb5 Bb4 7. a3 Bxc3+ 8.
Nxc3 d5 9. exd5 exd5 10. Bd3 O-O 11. O-O d4 12. Ne2 Bg4 13. Bg5 Re8 14. f3 Bc8
15. Qd2 Rb8 16. Rfe1 h6 17. Bh4 Bd7 18. Bf2 Qb6 19. b4 a6 20. Qf4 Nd5 21. Qd6
Be6 22. c3 Rbd8 23. Qg3 Rc8 24. Nxd4 Qd8 25. Nxe6 Rxe6 26. Bf5 Rxe1+ 27. Rxe1
Nxc3 28. Bxc8 Qxc8 29. Qd6 Nb5 30. Qd3 Nc7 31. Rd1 Ne6 32. Qd7 Qb8 33. Bg3 Qa7+
34. Kf1 Qa8 35. Re1 a5 36. b5 Na7 37. f4 Qf8 38. Qxb7 Nc8 39. f5 Nc5 40. Qc7
1-0

[Event "ICS unrated standard match"]
[Site "204.178.125.65"]
[Date "2000.03.16"]
[Round "?"]
[White "Hossa"]
[Black "scrappy"]
[Result "0-1"]
[WhiteElo "2326"]
[BlackElo "2586"]
[PlyCount "60"]

1. e4 e5 2. Nf3 Nc6 3. Bc4 Bc5 4. c3 Nf6 5. d4 exd4 6. cxd4 Bb4+ 7. Nc3 Nxe4 8.
O-O Bxc3 9. d5 Bf6 10. Re1 Ne7 11. Rxe4 d6 12. Bg5 Bxg5 13. Nxg5 h6 14. Qe2
hxg5 15. Re1 Be6 16. dxe6 f6 17. Re3 c6 18. Rh3 Rxh3 19. gxh3 g6 20. Rd1 d5 21.
h4 gxh4 22. Qf3 f5 23. Qc3 Ng8 24. Bf1 Qf6 25. Qd2 Ne7 26. Re1 O-O-O 27. Qe3 d4
28. Qd2 d3 29. Bxd3 f4 30. Qe2 f3 0-1

[Event "ICS rated blitz match"]
[Site "204.178.125.65"]
[Date "2000.03.16"]
[Round "?"]
[White "Hossa"]
[Black "Amateur"]
[Result "1-0"]
[WhiteElo "2569"]
[BlackElo "2476"]
[PlyCount "159"]

1. e4 c5 2. Nf3 Nc6 3. d4 cxd4 4. Nxd4 Nf6 5. Nc3 e5 6. Ndb5 d6 7. Bg5 a6 8.
Na3 b5 9. Bxf6 gxf6 10. Nd5 Bg7 11. Bd3 Be6 12. Nb1 Qa5+ 13. c3 b4 14. Bc2 O-O
15. O-O Rab8 16. c4 Nd4 17. Nd2 Nxc2 18. Ne7+ Kh8 19. Qxc2 Rb7 20. Nf5 Bxf5 21.
exf5 Rc8 22. Qd3 Qc7 23. Ne4 Qc6 24. b3 Rd7 25. Rfd1 Rcc7 26. a3 bxa3 27. g4
Qb6 28. Rxa3 Ra7 29. Qd5 Qc7 30. Nxd6 Bf8 31. c5 a5 32. Raa1 Ra6 33. Qc4 Rc6
34. Nb5 Qb7 35. Rxd7 Qxd7 36. Nd6 Bxd6 37. Rd1 Qa7 38. Rxd6 Rxc5 39. Qa6 Qb8
40. Rb6 Qg8 41. h3 Rc3 42. Qa7 Rc1+ 43. Kg2 Kg7 44. Qxa5 Qd8 45. g5 Rc6 46. Ra6
Qc8 47. gxf6+ Rxf6 48. Rxf6 Kxf6 49. Qd5 Qxf5 50. Qf3 h5 51. Qxf5+ Kxf5 52. Kg3
Kg5 53. b4 h4+ 54. Kf3 Kf5 55. b5 e4+ 56. Ke3 Ke5 57. b6 Kd6 58. Kxe4 Kc6 59.
b7 Kxb7 60. Kf5 Kc6 61. Kg4 Kd5 62. Kxh4 Ke6 63. Kg5 Ke7 64. h4 Kf8 65. h5 Kg7
66. h6+ Kh7 67. f4 Kg8 68. Kf6 Kh7 69. Kxf7 Kxh6 70. f5 Kg5 71. Ke6 Kh5 72. f6
Kg6 73. f7 Kg7 74. Ke7 Kg6 75. f8=Q Kg5 76. Qf3 Kh4 77. Qe3 Kh5 78. Qg3 Kh6 79.
Kf6 Kh5 80. Qh3# 1-0

[Event "ICS rated blitz match"]
[Site "204.178.125.65"]
[Date "2000.03.16"]
[Round "?"]
[White "vitsi"]
[Black "Hossa"]
[Result "0-1"]
[WhiteElo "2348"]
[BlackElo "2581"]
[PlyCount "55"]

1. e4 c5 2. Nf3 d6 3. d4 cxd4 4. Nxd4 Nf6 5. Nc3 a6 6. Bg5 e6 7. f4 b5 8. e5
dxe5 9. fxe5 Qc7 10. Qe2 Nfd7 11. Nf5 exf5 12. e6 Nb6 13. O-O-O Nc6 14. exf7+
Kxf7 15. Qh5+ g6 16. Qh4 Bg7 17. g4 Bxc3 18. bxc3 fxg4 19. Bd3 Be6 20. Rhf1+
Kg8 21. Bf6 Bxa2 22. Bxh8 Kxh8 23. Bxg6 Qe7 24. Qxe7 Nxe7 25. Be4 Bd5 26. Bxd5
Nexd5 27. Kb2 Ne3 28. Rd6 0-1

[Event "ICS rated blitz match"]
[Site "204.178.125.65"]
[Date "2000.03.16"]
[Round "?"]
[White "Hossa"]
[Black "vitsi"]
[Result "1-0"]
[WhiteElo "2588"]
[BlackElo "2341"]
[PlyCount "55"]

1. e4 d5 2. exd5 c6 3. dxc6 Nxc6 4. Nf3 e5 5. Bb5 Bd6 6. O-O Nge7 7. Nc3 O-O 8.
Re1 b6 9. d3 Bb7 10. Bg5 f6 11. Bc4+ Kh8 12. Be3 Na5 13. Be6 Ng6 14. a3 Qe7 15.
Ba2 Rad8 16. Qe2 Bb8 17. b4 Nc6 18. Bc4 a6 19. Bxb6 Rc8 20. Be3 f5 21. Ng5 Qe8
22. Nxh7 f4 23. Qh5 Nge7 24. Qh3 g6 25. Nf6+ Kg7 26. Qh7+ Kxf6 27. Ne4+ Kf5 28.
Qh3# 1-0